| 000 | 00466 a2200157 4500 | ||
|---|---|---|---|
| 003 | NUST | ||
| 005 | 20230321130529.0 | ||
| 040 | _cNust | ||
| 082 | _a954.91,KHA | ||
| 100 |
_aKhan,Roedad _9110872 |
||
| 245 |
_aPakistan - Inquilab Ke Dahanay Per / پاکستان انقلاب کے دہانے پر (Urdu) / _c Roedad Khan |
||
| 260 |
_aIslamabad _bOxford Press _c1998 |
||
| 300 | _a321p.; | ||
| 650 |
_a Reveloution of Pakistan _9110873 |
||
| 942 |
_2ddc _cBK _k954.91,KHA |
||
| 999 |
_c188069 _d188069 |
||